A policy on geometric design of highways and streets, 1990. (Record no. 528092)

000 -LEADER
fixed length control field 00998cam a2200277 a 4500
001 - CONTROL NUMBER
control field 3900440
003 - CONTROL NUMBER IDENTIFIER
control field NUST
005 - DATE AND TIME OF LATEST TRANSACTION
control field 20190828065316.0
008 - FIXED-LENGTH DATA ELEMENTS--GENERAL INFORMATION
fixed length control field 900912s1990 dcua b 001 0 eng
010 ## - LIBRARY OF CONGRESS CONTROL NUMBER
LC control number 90623280
020 ## - INTERNATIONAL STANDARD BOOK NUMBER
International Standard Book Number 1560510013
038 ## - RECORD CONTENT LICENSOR
Staff Name M.Ramzan
040 ## - CATALOGING SOURCE
Original cataloging agency DLC
Transcribing agency DLC
Modifying agency DLC
043 ## - GEOGRAPHIC AREA CODE
Geographic area code n-us---
050 00 - LIBRARY OF CONGRESS CALL NUMBER
Classification number TE175
Item number .A54 1990
082 00 - DEWEY DECIMAL CLASSIFICATION NUMBER
Classification number 625.7/25/0973
Edition number 20
Author Mark AAS
110 2# - MAIN ENTRY--CORPORATE NAME
Corporate name or jurisdiction name as entry element American Association of State Highway and Transportation Officials.
9 (RLIN) 19553
245 12 - TITLE STATEMENT
Title A policy on geometric design of highways and streets, 1990.
260 ## - PUBLICATION, DISTRIBUTION, ETC.
Place of publication, distribution, etc. Washington, D.C. :
Name of publisher, distributor, etc. American Association of State Highway and Transportation Officials,
Date of publication, distribution, etc. c1990.
300 ## - PHYSICAL DESCRIPTION
Extent xliv, 1044 p. :
Other physical details ill. ;
Dimensions 24 cm.
504 ## - BIBLIOGRAPHY, ETC. NOTE
Bibliography, etc. note Includes bibliographical references and index.
650 #0 - SUBJECT ADDED ENTRY--TOPICAL TERM
Topical term or geographic name entry element Roads
Geographic subdivision United States
General subdivision Design and construction.
9 (RLIN) 19649
906 ## - LOCAL DATA ELEMENT F, LDF (RLIN)
a 7
b cbc
c orignew
d 2
e ncip
f 19
g y-gencatlg
942 ## - ADDED ENTRY ELEMENTS (KOHA)
Source of classification or shelving scheme
Koha item type Book
Holdings
Withdrawn status Lost status Source of classification or shelving scheme Damaged status Not for loan Permanent Location Current Location Date acquired Total Checkouts Full call number Barcode Date last seen Price effective from Koha item type
          School of Civil and Environmental Engineering (SCEE) School of Civil and Environmental Engineering (SCEE) 08/28/2019   625.7/25/0973 AAS NIT-10219 08/28/2019 08/28/2019 Book
© 2023 Central Library, National University of Sciences and Technology. All Rights Reserved.